[Rezension von: MacRae, Duncan, Legible religion]
Saved in:
| Published in: | Sehepunkte 17(2017), 9 |
|---|---|
| Main Author: | |
| Other Authors: | |
| Document Type: | Online Resource Article |
| Language: | English |
| Published: |
2016
|
| Subjects: | |
| Related Items: | Enthalten in:
Sehepunkte Rezension von: Legible religion |
| LEADER | 01450naa a22003132c 4500 | ||
|---|---|---|---|
| 001 | 1872992765 | ||
| 003 | DE-627 | ||
| 005 | 20231208145723.0 | ||
| 007 | cr uuu---uuuuu | ||
| 008 | 231208s2016 xx |||||oo 00| ||eng c | ||
| 035 | |a (DE-627)1872992765 | ||
| 035 | |a (DE-599)KXP1872992765 | ||
| 040 | |a DE-627 |b ger |c DE-627 |e rda | ||
| 041 | |a eng | ||
| 084 | |a 0 |2 ssgn | ||
| 100 | 1 | |a Rüpke, Jörg |d 1962- |e VerfasserIn |0 (DE-588)122809262 |0 (DE-627)082168237 |0 (DE-576)166708143 |4 aut | |
| 245 | 1 | 0 | |a [Rezension von: MacRae, Duncan, Legible religion] |
| 264 | 1 | |c 2016 | |
| 336 | |a Text |b txt |2 rdacontent | ||
| 337 | |a Computermedien |b c |2 rdamedia | ||
| 338 | |a Online-Ressource |b cr |2 rdacarrier | ||
| 655 | 7 | |a Rezension |0 (DE-588)4049712-4 |0 (DE-627)106186019 |0 (DE-576)209083166 |2 gnd-content | |
| 700 | 1 | |a MacRae, Duncan |e VerfasserIn des Bezugswerks |0 (DE-588)1105415244 |0 (DE-627)86254890X |0 (DE-576)473085348 |4 ant | |
| 773 | 0 | 8 | |i Enthalten in |t Sehepunkte |d München : Ludwig-Maximilians-Univ., 2001 |g 17(2017), 9 |h Online-Ressource |w (DE-627)33678273X |w (DE-600)2062440-2 |w (DE-576)117978736 |x 1618-6168 |7 nnas |
| 773 | 1 | 8 | |g volume:17 |g year:2017 |g number:9 |
| 787 | 0 | 8 | |i Rezension von |a MacRae, Duncan |t Legible religion |d Cambridge, Massachusetts : Harvard University Press, 2016 |h 259 Seiten |w (DE-627)835838684 |w (DE-576)462657175 |z 0674088719 |z 9780674088719 |
| 951 | |a AR | ||
| 991 | |a Rezension (Monographie, Zeitschrift, Aufsatz) | ||
| 999 | |a KXP-PPN1872992765 |e 4978806496 | ||


